| 000 | 01376nam a2200289Ia 4500 | ||
|---|---|---|---|
| 999 |
_c4064 _d4064 |
||
| 003 | OSt | ||
| 005 | 20200402122941.0 | ||
| 008 | 191128s1993 sp gr 000 0dspa d | ||
| 020 | _a847953060X | ||
| 040 |
_aCO-JMCR _cCO-JMCR |
||
| 041 | 1 |
_aspa _heng |
|
| 082 | 0 | 4 |
_a128.1 / _bM821c |
| 100 | 1 |
_aMoore, Thomas, _eautor _91532 |
|
| 245 | 1 | 0 |
_aEl cuidado del alma : _bguía para el cultivo de lo profundo y lo sagrado en la vida cotidiana / _cThomas Moore ; traducción, Marta I. Guastavino |
| 250 | _aCuarta edición | ||
| 260 |
_aBarcelona : _bUrano, _c1993 |
||
| 300 |
_a395 páginas ; _c22 cm. |
||
| 500 | _aIncluye bibliográficas. | ||
| 500 | _aTraducido del inglés. | ||
| 500 | _aIncluye datos biográficos del autor en solapa posterior. | ||
| 505 | _aEl cuidado del alma -- El cuidado del alma en la vida cotidiana -- La práctica espiritual y la profundidad psicológica -- El cuidado del alma del mundo | ||
| 520 | _aPara Moore, el gran mal de nuestro tiempo es la perdida del alma, que se manifiesta en forma de vacío, depresión, desilusión respecto al matrimonio o las relaciones. Pero cuidar el alma no consiste en buscar una existencia ideal, libre de problemas. | ||
| 546 | 1 |
_aspa _beng |
|
| 650 |
_aAlma Espiritualidad Vida espiritual Psicología de la religión _91533 |
||
| 700 | 1 |
_aGuastavino, Marta I., _etraductora _91534 |
|
| 942 |
_2ddc _cBK |
||